Statistics for *Ridiculous Riddles #02*

Click here to take the quiz!

General Stats

  • This quiz has been taken 3,147 times
  • The average score is 6 of 10

Answer Stats

#RiddleAnswer% Correct
05.What gets wetter and wetter the more it dries?A "Towel"
81%
07.What can you catch but cannot throw?A "cold" / the "flu"
80%
01.No sooner spoken than broken. What is it?Silence/Secret
77%
04.What kind of coat can only be put on when wet?A coat of "paint"
75%
02.What can run but never walks, has a mouth but never talks, has a head but never weeps, has a bed but never sleeps?A "River"
70%
09.I'm light as a feather, yet the strongest man can't hold me for much more than a minute. What am I?Your "Breath"
60%
03.You can have me but cannot hold me; Gain me and quickly lose me. If treated with care I can be great, And if betrayed I will break. What am I?Trust
51%
08.I am weightless, but you can see me. Put me in a bucket, and I'll make it lighter. What am I?A "Hole"
47%
06.What goes around the world but stays in a corner?A "Stamp"
45%
10If a man carried my burden, He would break his back. I am not rich, But I leave silver in my track. What am I?A "Snail"
21%

Score Distribution

Percentile by Number Answered

Percent of People with Each Score

Your Score History

You have not taken this quiz